MDQL
is popping MORE tags! Check the
thread
!
Quizzes
Events
Quiz Creation
Community
Videos
Private Events
Remove Ads
Sign In
Join for FREE
Feedback
Dark Mode
Quiz Categories
Sports
Geography
Music
Movies
Television
Just For Fun
Miscellaneous
History
Literature
Language
Science
Gaming
Entertainment
Religion
Holiday
For Kids
Quiz Lab
Recent
Popular Today
Quiz Kudos Today
Editor Picks
Curator Picks
Quizzes by...
Day
Popularity
Type
Ratings
Length
Year
Community
Subscriptions
Recent Discussions
Orange Saloon
Badges
Playlists
Quests
Create
Leaderboards
Showdown
Live 5
Trivia Bingo
Activity
Puzzle Library
Sporcle Events
Private Events
Virtual Trivia
Globe League
Become a Host
Pub Owners
SporcleCon
Opinionation
Our Games
Videos
Blog
Mobile Apps
Partnerships
Remove Ads and Go Orange
Feedback
Music
Pop Music
The Beatles
Song
Album
Lyrics
Bands
Singers
Artist
Clip
Rock
Rap
Classical
Billboard
Country Music
Kpop
Taylor Swift
Music
Pop Music
The Beatles
Song
Album
Lyrics
Bands
Singers
Artist
Clip
Rock
Rap
Classical
Billboard
Country Music
Kpop
Taylor Swift
Random Quiz
Search Sporcle
×
Quiz Lab
Quiz Lab
Music
Type in answers that appear in a list
Type in answers that appear in a list
Classic
Best Score? Go Orange.
Bad Company Songs Stats
Can you name the Bad Company Songs?
By
MRoren
20m
248 Questions
108 Plays
108 Plays
108 Plays
Comments
Comments
Give Quiz Kudos
Give Quiz Kudos
-
- Ratings
hide this ad
Replay
Link that replays current quiz
Next Quiz
Link to next quiz in quiz playlist
You Got
0%
They Got
Avg Score
38%
Avg Friend Score
Upgrade to see
Score Distribution
Jump to the score distribution portion of the page
Score
0/248
Timer
20:00
0
Plays Today
Album
Songs
% Correct
Bad Company
Bad Company
71.3%
Straight Shooter
Shooting Star
71.3%
10 from 6
Shooting Star
71.3%
10 from 6
Bad Company
71.3%
What You Hear Is What You Get: The Best of Bad Company
Bad Company
71.3%
Live in Albuquerque 1976
Bad Company
71.3%
What You Hear Is What You Get: The Best of Bad Company
Shooting Star
70.4%
The Original Bad Company Anthology
Bad Company
70.4%
The Original Bad Company Anthology
Shooting Star
70.4%
In Concert: Merchants of Cool
Bad Company
70.4%
In Concert: Merchants of Cool
Shooting Star
70.4%
Live in Albuquerque 1976
Shooting Star
70.4%
Hard Rock Live
Shooting Star
70.4%
Live at Wembley
Shooting Star
70.4%
Stories Told & Untold
Shooting Star
69.4%
Hard Rock Live
Bad Company
69.4%
Burnin' Sky
Burnin' Sky
64.8%
In Concert: Merchants of Cool
Burnin' Sky
63.9%
Hard Rock Live
Burnin' Sky
63.9%
Run with the Pack
Run With The Pack
63%
10 from 6
Run With The Pack
63%
The Original Bad Company Anthology (Continued)
Burnin' Sky
63%
Live in Albuquerque 1976
Run With The Pack
63%
Live in Albuquerque 1976
Feel Like Making Love
62%
Hard Rock Live
Run With The Pack
62%
What You Hear Is What You Get: The Best of Bad Company
Can't Get Enough
61.1%
Live in Albuquerque 1976
Can't Get Enough
61.1%
Live at Wembley
Can't Get Enough
61.1%
Live at Wembley
Run With The Pack
61.1%
Bad Company
Can't Get Enough
60.2%
10 from 6
Can't Get Enough
60.2%
The Original Bad Company Anthology
Can't Get Enough
60.2%
Hard Rock Live
Can't Get Enough
60.2%
Stories Told & Untold
Can't Get Enough
59.3%
In Concert: Merchants of Cool
Can't Get Enough
59.3%
Live at Wembley
Can't Get Enough
59.3%
The Original Bad Company Anthology
Feel Like Makin' Love
55.6%
Live in Albuquerque 1976
Seagull
55.6%
Live at Wembley
Feel Like Makin' Love
55.6%
Bad Company
Seagull
54.6%
Desolation Angels
Rock 'n' Roll Fantasy
54.6%
10 from 6
Rock 'n' Roll Fantasy
54.6%
What You Hear Is What You Get: The Best of Bad Company
Rock 'N' Roll Fantasy
54.6%
The Original Bad Company Anthology (Continued)
Rock 'N' Roll Fantasy
54.6%
In Concert: Merchants of Cool
Feel Like Makin' Love
54.6%
Hard Rock Live
Feel Like Makin' Love
54.6%
Hard Rock Live
Rock 'n' Roll Fantasy
54.6%
Live at Wembley
Seagull
54.6%
Live at Wembley
Rock & Roll Fantasy
54.6%
Straight Shooter
Feel Like Makin' Love
53.7%
What You Hear Is What You Get: The Best of Bad Company
Feel Like Makin' Love
53.7%
The Original Bad Company Anthology
Seagull
53.7%
Hard Rock Live
Seagull
53.7%
Holy Water
Holy Water
52.8%
What You Hear Is What You Get: The Best of Bad Company
Holy Water
52.8%
What You Hear Is What You Get: The Best of Bad Company
Ready For Love
49.1%
The Original Bad Company Anthology
Ready For Love
49.1%
Live in Albuquerque 1976
Good Lovin' Gone Bad
49.1%
Hard Rock Live
Good Lovin' Gone Bad
49.1%
Bad Company
Ready For Love
48.1%
Bad Company
Movin' On
48.1%
Straight Shooter
Good Lovin' Gone Bad
48.1%
10 from 6
Movin' On
48.1%
10 from 6
Ready For Love
48.1%
What You Hear Is What You Get: The Best of Bad Company
Good Lovin' Gone Bad
48.1%
The Original Bad Company Anthology
Movin' On
48.1%
The Original Bad Company Anthology
Good Lovin' Gone Bad
48.1%
In Concert: Merchants of Cool
Movin' On
48.1%
In Concert: Merchants of Cool
Ready For Love
48.1%
In Concert: Merchants of Cool
Silver, Blue And Gold
48.1%
Live at Wembley
Movin' On
48.1%
Live at Wembley
Ready For Love
48.1%
Run with the Pack
Silver, Blue & Gold
47.2%
What You Hear Is What You Get: The Best of Bad Company
Movin' On
47.2%
Stories Told & Untold
Ready For Love
47.2%
Live in Albuquerque 1976
Ready For Love
47.2%
Hard Rock Live
Movin' On
47.2%
Hard Rock Live
Ready For Love
47.2%
Stories Told & Untold
Silver, Blue And Gold
46.3%
The Original Bad Company Anthology (Continued)
Silver, Blue And Gold
46.3%
Hard Rock Live
Rock Steady
46.3%
Bad Company
Rock Steady
45.4%
The Original Bad Company Anthology
Rock Steady
45.4%
Album
Songs
% Correct
In Concert: Merchants of Cool
Rock Steady
45.4%
Live in Albuquerque 1976
Rock Steady
44.4%
Rough Diamonds
Electricland
40.7%
10 from 6
Electric Land
40.7%
Here Comes Trouble
Here Comes Trouble
40.7%
What You Hear Is What You Get: The Best of Bad Company
Here Comes Trouble
40.7%
Fame and Fortune
Fame and Fortune
39.8%
Live at Wembley
Electric Land
39.8%
Straight Shooter
Deal With the Preacher
38.9%
Dangerous Age
Dangerous Age
38.9%
In Concert: Merchants of Cool
Deal With The Preacher
38.9%
Live in Albuquerque 1976
Deal With The Preacher
38.9%
Hard Rock Live
Gone, Gone, Gone
38.9%
Desolation Angels
Gone, Gone, Gone
38%
The Original Bad Company Anthology
Deal With The Preacher
38%
Live at Wembley
Gone, Gone, Gone
38%
Live at Wembley
Deal With the Preacher
38%
In Concert: Merchants of Cool
Rock And Roll Fantasy-Ticket to Ride-I Feel Fine
37%
Hard Rock Live
Honey Child
37%
Live in Albuquerque 1976
Honey Child
36.1%
Live at Wembley
Honey Child
36.1%
Run with the Pack
Honey Child
35.2%
The Original Bad Company Anthology (Continued)
Honey Child
35.2%
Live at Wembley
Young Blood
35.2%
Run with the Pack
Young Blood
34.3%
Live in Albuquerque 1976
Young Blood
34.3%
Run with the Pack
Live For The Music
33.3%
10 from 6
Live for the Music
33.3%
Hard Rock Live
Live For The Music
33.3%
Live in Albuquerque 1976
Live For The Music
32.4%
Company of Strangers
Company of Strangers
31.5%
Straight Shooter
Anna
30.6%
Desolation Angels
Oh, Atlanta
30.6%
The Original Bad Company Anthology (Continued)
Oh, Atlanta
30.6%
Desolation Angels
Crazy Circles
29.6%
Stories Told & Untold
Oh, Atlanta
29.6%
Bad Company
Don't Let Me Down
28.7%
Straight Shooter
Wild Fire Woman
28.7%
What You Hear Is What You Get: The Best of Bad Company
If You Needed Somebody
28.7%
The Original Bad Company Anthology
Wildfire Woman
28.7%
The Original Bad Company Anthology (Continued)
Do Right By Your Woman
27.8%
Live in Albuquerque 1976
Simple Man
27.8%
Holy Water
If You Needed Somebody
26.9%
Hard Rock Live
Simple Man
26.9%
Straight Shooter
Call On Me
25.9%
Run with the Pack
Simple Man
25.9%
Run with the Pack
Do Right by Your Woman
25.9%
Rough Diamonds
Untie The Knot
25.9%
Stories Told & Untold
Simple Man
25.9%
The Original Bad Company Anthology (Continued)
Untie The Knot
25.9%
Live in Albuquerque 1976
Wild Fire Woma
25.9%
Live at Wembley
Simple Man
25.9%
Rough Diamonds
Painted Face
25%
Bad Company
The Way I Choose
24.1%
Burnin' Sky
Too Bad
24.1%
Desolation Angels
Evil Wind
24.1%
The Original Bad Company Anthology (Continued)
Too Bad
24.1%
The Original Bad Company Anthology (Continued)
Evil Wind
24.1%
Run with the Pack
Sweet Lil' Sister
23.1%
Burnin' Sky
Heartbeat
23.1%
Desolation Angels
Rhythm Machine
23.1%
Stories Told & Untold
Weep No More
23.1%
The Original Bad Company Anthology (Continued)
Heartbeat
23.1%
Straight Shooter
Weep No More
22.2%
Burnin' Sky
Everything I Need
22.2%
Burnin' Sky
Passing Time
22.2%
Desolation Angels
She Brings Me Love
22.2%
Rough Diamonds
Old Mexico
22.2%
Dangerous Age
No Smoke Without a Fire
22.2%
The Original Bad Company Anthology (Continued)
Smokin' 45
22.2%
The Original Bad Company Anthology (Continued)
Rhythm Machine
22.2%
Burnin' Sky
Peace Of Mind
21.3%
Burnin' Sky
Master Of Ceremony
21.3%
Rough Diamonds
Kickdown
21.3%
What You Hear Is What You Get: The Best of Bad Company
No Smoke Without A Fire
21.3%
In Concert: Merchants of Cool
All Right Now
21.3%
Desolation Angels
Early In The Morning
20.4%
Rough Diamonds
Downhill Ryder
20.4%
The Original Bad Company Anthology
Easy On My Soul
20.4%
The Original Bad Company Anthology (Continued)
Downhill Ryder
20.4%
Run with the Pack
Love Me Somebody
19.4%
Run with the Pack
Fade Away
19.4%
Burnin' Sky
Like Water
19.4%
Album
Songs
% Correct
Burnin' Sky
Man Needs Woman
19.4%
Rough Diamonds
Racetrack
19.4%
The Original Bad Company Anthology (Continued)
Hey, Hey
19.4%
Burnin' Sky
Leaving You
18.5%
Rough Diamonds
Nuthin' on the TV
18.5%
Fame and Fortune
Burning Up
18.5%
Holy Water
Boys Cry Tough
18.5%
Burnin' Sky
Morning Sun
17.6%
Burnin' Sky
Knapsack
17.6%
Fame and Fortune
Valerie
17.6%
The Original Bad Company Anthology
Little Miss Fortune
17.6%
The Original Bad Company Anthology (Continued)
Hammer of Love
17.6%
Desolation Angels
Take The Time
16.7%
Rough Diamonds
Ballad of the Band
16.7%
Rough Diamonds
Cross Country Boy
16.7%
The Original Bad Company Anthology
Whiskey Bottle
16.7%
Live in Albuquerque 1976
Sweet Little Sister
16.7%
Desolation Angels
Lonely For Your Love
15.7%
Fame and Fortune
If I'm Sleeping
15.7%
What You Hear Is What You Get: The Best of Bad Company
How About That
15.7%
The Original Bad Company Anthology
Superstar Woman
15.7%
Fame and Fortune
This Love
14.8%
Fame and Fortune
That Girl
14.8%
Fame and Fortune
Tell It Like It is
14.8%
Fame and Fortune
Hold on My Heart
14.8%
Holy Water
Walk Through Fire
14.8%
Holy Water
Stranger Stranger
14.8%
Dangerous Age
One Night
13.9%
Holy Water
Fearless
13.9%
Holy Water
Lay Your Love On Me
13.9%
Holy Water
100 Miles
13.9%
Here Comes Trouble
How About That
13.9%
Here Comes Trouble
Stranger Than Fiction
13.9%
The Original Bad Company Anthology (Continued)
Ain't It Good
13.9%
Fame and Fortune
Long Walk
13%
Fame and Fortune
When We Made Love
13%
Holy Water
With You in a Heartbeat
13%
Holy Water
Dead Of The Night
13%
Holy Water
I Can't Live Without You
13%
Here Comes Trouble
Both Feet in the Water
13%
Here Comes Trouble
What About You
13%
Dangerous Age
Shake It Up
12%
Dangerous Age
Bad Man
12%
Dangerous Age
Dirty Boy
12%
Dangerous Age
Something About You
12%
Dangerous Age
Love Attack
12%
Holy Water
I Don't Care
12%
Holy Water
Never Too Late
12%
Here Comes Trouble
This Could Be The One
12%
Here Comes Trouble
Take This Town
12%
Here Comes Trouble
Little Angel
12%
Here Comes Trouble
Hold on to My Heart
12%
Here Comes Trouble
Brokenhearted
12%
Here Comes Trouble
My Only One
12%
What You Hear Is What You Get: The Best of Bad Company
Fist Full of Blisters
12%
In Concert: Merchants of Cool
Joe Fabulous
12%
10 from 6
Feeli Like Makin' Love
11.1%
Dangerous Age
Rock Of America
11.1%
Dangerous Age
The Way That it Goes
11.1%
Company of Strangers
Judas My Brother
11.1%
Company of Strangers
Down And Dirty
11.1%
Stories Told & Untold
One On One
11.1%
Stories Told & Untold
Downpour In Cairo
11.1%
The Original Bad Company Anthology (Continued)
Tracking Down A Runway
11.1%
In Concert: Merchants of Cool
Saving Grace
11.1%
Company of Strangers
Where I Belong
10.2%
Company of Strangers
Dance With The Devil
10.2%
Stories Told & Untold
I Still Believe In You
10.2%
Stories Told & Untold
Waiting On Love
10.2%
Stories Told & Untold
Love So Strong
10.2%
The Original Bad Company Anthology (Continued)
Run With The Back
10.2%
Company of Strangers
Clearwater Highway
9.3%
Company of Strangers
Little Martha
9.3%
Company of Strangers
Gimme Gimme
9.3%
Company of Strangers
Down Down Down
9.3%
Company of Strangers
Abandoned And Alone
9.3%
Company of Strangers
Pretty Woman
9.3%
Company of Strangers
You're The Only Reason
9.3%
Company of Strangers
Loving You Out Loud
9.3%
Stories Told & Untold
You're Never Alone
9.3%
Stories Told & Untold
Is That All There Is To Love
9.3%
What You Hear Is What You Get: The Best of Bad Company
Take This Towm
8.3%
Quiz Playlist
Details
Report
Send in Message
Add To Playlist
Classic:
Type in answers that appear in a list
Quiz Source
Last Updated: Feb 16, 2017
Quiz Scoreboard
CHALLENGE
Sign Up to Join the Scoreboard
Show All
Scores
Hide
Comments
May contain spoilers
Recently Published
Image Sorting: Flags VI
by Barbecue
Geography
2m
Find the 'City' Movie
by crazypaving
Movies
60s
Colored Red Africa Blitz
by spor1
Geography
45s
More to Explore
Quiz From the Vault
Featured Blog Post
14 Easter Pick-up Lines to Find Eggs With
hide this ad
You Might Also Like...
Tags
This quiz does not have any tags.
Today's Top Quizzes in Music
Browse Music
hide this ad
Top Contributed Quizzes in Music
1
5X2 Blitz: Bands II
2
5X2 Blitz: The Beatles
3
Taylor Swift All Songs (2024)
4
5X2 Blitz: Billboard
5
5X2 Blitz: Billboard II
6
5X2 Blitz: Album
7
5X2 Blitz: Rock
8
5X2 Blitz: Singers
9
Taylor Swift Logic Puzzle II
10
5X2 Blitz: Lyrics
Explore More
Trending Topics
Harry Potter
Crossword
Anime
Marvel
Disney
NBA
Kpop
Soccer
Pokémon
Puzzle
Song
Country
NFL
The Office
WWE
hide this ad
More By:
MRoren
Quiz
Plays
Rating
Category
Featured
Created
Avengers Members
1,160
3.20
Literature
Sep 26, 2010
Ultimate X-Men Members
827
3.00
Literature
Sep 20, 2010
X-Men Age Of Apocalypse teams
803
3.50
Literature
Sep 20, 2010
Christina Aguilera Songs
585
3.67
Music
Aug 21, 2011
Blur Songs
584
3.00
Music
Feb 1, 2012
Go to Creator's Profile
Score Distribution
Quiz Creator Spotlight
MRoren
Follow
Send a Message
Quizzes Created
-
Created Quiz Play Count
-
More By This Creator
Popular Quizzes Today
1
Colored Red Africa Blitz
2
Find the US States - No Outlines Minefield
3
Find the 'City' Movie
4
5x2 Blitz: Bands
5
The Countries of the World
6
Find the US States
7
Find the Countries of Europe - No Outlines Minefield
8
US States
More Music Quizzes
Sunday Crossword - Rock Bands
Editor's Pick
Trending Quizzes
Colored Red Europe Blitz I
Colored Red Europe Blitz II
Colored Red Africa Blitz II
Colored Red Europe Blitz III
Colored Red Africa Blitz III
Recently Updated
How Do You Spell That?
pecheneg
Godzilla Movies
pecheneg
Grab Bag: 4-10 Letters
pecheneg
2024 March Madness Bracket
pecheneg
Famous TV Couples
Peacemaker
Champions League XIs: Real Madrid
pecheneg
Largest US Cities 1790-2010
pecheneg
Rides in Walt Disney World
pecheneg
Most Oscar Losses (Acting)
pecheneg
Beyoncé Albums
pecheneg
Trending Topics
Crossword
Disney
NBA
Marvel
Anime
Kpop
Harry Potter
The Office
NFL
Song
Country
Puzzle
Pokémon
Soccer
WWE
Your Account Isn't Verified!
In order to create a playlist on Sporcle, you need to verify the email address you used during registration. Go to your
Sporcle Settings
to finish the process.
Report this User
Report this user for behavior that violates our
Community Guidelines
.
Details:
Send Report
Go to the Sporcle.com Mobile Site →
Comments